[Event "XXVII MISTRZOSTWA WOJEWÓDZTWA PODLASKIEGO JUNIORÓW DO LAT 18 - C18"]
[Site "Białystok, Poland"]
[Date "2025.05.31"]
[Round "6.1"]
[White "Pieczulis, Hubert"]
[Black "Kurcinski, Sebastian"]
[Result "1-0"]
[WhiteElo "1853"]
[BlackElo "1628"]

1. d4 {[%clk 00:30:57]} {[%emt 00:00:03]} Nf6 {[%clk 00:30:57]} {[%emt
00:00:03]} 2. Nf3 {[%clk 00:31:24]} {[%emt 00:00:03]} d5 {[%clk 00:31:22]}
{[%emt 00:00:05]} 3. c4 {[%clk 00:31:46]} {[%emt 00:00:08]} c6 {[%clk
00:31:17]} {[%emt 00:00:35]} 4. Nc3 {[%clk 00:30:49]} {[%emt 00:01:27]} e6
{[%clk 00:31:28]} {[%emt 00:00:19]} 5. Bf4 {[%clk 00:30:10]} {[%emt 00:01:09]}
Bd6 {[%clk 00:31:00]} {[%emt 00:00:59]} 6. Bg5 {[%clk 00:30:33]} {[%emt
00:00:07]} Nbd7 {[%clk 00:30:36]} {[%emt 00:00:54]} 7. cxd5 {[%clk 00:30:02]}
{[%emt 00:01:01]} cxd5 {[%clk 00:30:32]} {[%emt 00:00:34]} 8. e3 {[%clk
00:30:27]} {[%emt 00:00:05]} Qa5 {[%clk 00:28:08]} {[%emt 00:02:53]} 9. Bd3
{[%clk 00:30:27]} {[%emt 00:00:30]} O-O {[%clk 00:26:58]} {[%emt 00:01:41]} 10.
O-O {[%clk 00:30:31]} {[%emt 00:00:25]} a6 {[%clk 00:26:24]} {[%emt 00:01:05]}
11. a3 {[%clk 00:30:45]} {[%emt 00:00:15]} b5 {[%clk 00:25:36]} {[%emt
00:01:18]} 12. b4 {[%clk 00:30:28]} {[%emt 00:00:48]} Qb6 {[%clk 00:25:25]}
{[%emt 00:00:41]} 13. Rc1 {[%clk 00:20:41]} {[%emt 00:10:17]} Bb7 {[%clk
00:25:47]} {[%emt 00:00:08]} 14. Nd2 {[%clk 00:20:38]} {[%emt 00:00:33]} e5
{[%clk 00:23:31]} {[%emt 00:02:45]} 15. Nb3 {[%clk 00:20:25]} {[%emt 00:00:44]}
Rac8 {[%clk 00:17:39]} {[%emt 00:06:22]} 16. Nc5 {[%clk 00:19:11]} {[%emt
00:01:44]} Ba8 {[%clk 00:14:38]} {[%emt 00:03:30]} 17. Bf5 {[%clk 00:19:17]}
{[%emt 00:00:24]} exd4 {[%clk 00:13:10]} {[%emt 00:01:59]} 18. exd4 {[%clk
00:16:51]} {[%emt 00:02:56]} Rc7 {[%clk 00:13:15]} {[%emt 00:00:24]} 19. Nxd7
{[%clk 00:13:30]} {[%emt 00:03:51]} Nxd7 {[%clk 00:13:23]} {[%emt 00:00:22]} 20.
Qg4 {[%clk 00:13:42]} {[%emt 00:00:18]} h6 {[%clk 00:08:33]} {[%emt 00:05:19]}
21. Bxd7 {[%clk 00:11:59]} {[%emt 00:02:13]} hxg5 {[%clk 00:08:37]} {[%emt
00:00:27]} 22. Ne2 {[%clk 00:11:58]} {[%emt 00:00:31]} Rd8 {[%clk 00:06:54]}
{[%emt 00:02:13]} 23. Bf5 {[%clk 00:12:04]} {[%emt 00:00:25]} Rxc1 {[%clk
00:04:42]} {[%emt 00:02:41]} 24. Rxc1 {[%clk 00:12:22]} {[%emt 00:00:12]} Be7
{[%clk 00:05:04]} {[%emt 00:00:08]} 25. Bd3 {[%clk 00:11:01]} {[%emt 00:01:51]}
Bb7 {[%clk 00:04:47]} {[%emt 00:00:47]} 26. Ng3 {[%clk 00:11:03]} {[%emt
00:00:28]} g6 {[%clk 00:05:10]} {[%emt 00:00:07]} 27. Ne2 {[%clk 00:10:40]}
{[%emt 00:00:54]} Kg7 {[%clk 00:05:30]} {[%emt 00:00:09]} 28. h3 {[%clk
00:08:07]} {[%emt 00:03:04]} Rd6 {[%clk 00:04:13]} {[%emt 00:01:47]} 29. Qg3
{[%clk 00:06:36]} {[%emt 00:02:00]} f5 {[%clk 00:03:48]} {[%emt 00:00:55]} 30.
Qe5+ {[%clk 00:05:09]} {[%emt 00:01:57]} Bf6 {[%clk 00:04:11]} {[%emt
00:00:07]} 31. Qe8 {[%clk 00:04:56]} {[%emt 00:00:42]} Rd8 {[%clk 00:04:24]}
{[%emt 00:00:19]} 32. Qe3 {[%clk 00:04:53]} {[%emt 00:00:32]} Bc6 {[%clk
00:03:39]} {[%emt 00:01:15]} 33. Qe6 {[%clk 00:04:47]} {[%emt 00:00:34]} Bxd4
{[%clk 00:02:26]} {[%emt 00:01:45]} 34. Rxc6 {[%clk 00:04:55]} {[%emt
00:00:22]} Bxf2+ {[%clk 00:02:46]} {[%emt 00:00:09]} 35. Kh1 {[%clk 00:05:15]}
{[%emt 00:00:11]} 1-0

[Event "XXVII MISTRZOSTWA WOJEWÓDZTWA PODLASKIEGO JUNIORÓW DO LAT 18 - C18"]
[Site "Białystok, Poland"]
[Date "2025.05.31"]
[Round "6.2"]
[White "Krynicki, Filip"]
[Black "Racis, Michal"]
[Result "1-0"]
[WhiteElo "1951"]
[BlackElo "2118"]

1. d4 {[%clk 00:30:57]} {[%emt 00:00:03]} Nf6 {[%clk 00:30:53]} {[%emt
00:00:07]} 2. c4 {[%clk 00:31:23]} {[%emt 00:00:04]} g6 {[%clk 00:31:20]}
{[%emt 00:00:04]} 3. Nc3 {[%clk 00:31:46]} {[%emt 00:00:06]} Bg7 {[%clk
00:31:46]} {[%emt 00:00:05]} 4. e4 {[%clk 00:31:33]} {[%emt 00:00:43]} d6
{[%clk 00:32:09]} {[%emt 00:00:06]} 5. f3 {[%clk 00:31:57]} {[%emt 00:00:06]}
O-O {[%clk 00:32:20]} {[%emt 00:00:20]} 6. Be3 {[%clk 00:32:22]} {[%emt
00:00:03]} e5 {[%clk 00:32:40]} {[%emt 00:00:11]} 7. Nge2 {[%clk 00:30:44]}
{[%emt 00:02:09]} c6 {[%clk 00:32:53]} {[%emt 00:00:17]} 8. Qd2 {[%clk
00:30:45]} {[%emt 00:00:29]} a6 {[%clk 00:31:11]} {[%emt 00:02:13]} 9. Nc1
{[%clk 00:28:37]} {[%emt 00:02:36]} b5 {[%clk 00:30:22]} {[%emt 00:01:19]} 10.
Be2 {[%clk 00:28:13]} {[%emt 00:00:54]} b4 {[%clk 00:30:04]} {[%emt 00:00:49]}
11. Na4 {[%clk 00:27:52]} {[%emt 00:00:51]} exd4 {[%clk 00:30:16]} {[%emt
00:00:17]} 12. Bxd4 {[%clk 00:27:13]} {[%emt 00:01:09]} c5 {[%clk 00:30:42]}
{[%emt 00:00:05]} 13. Be3 {[%clk 00:24:09]} {[%emt 00:03:34]} Qa5 {[%clk
00:25:31]} {[%emt 00:05:41]} 14. Qxd6 {[%clk 00:16:34]} {[%emt 00:08:04]} Qxa4
{[%clk 00:24:42]} {[%emt 00:01:19]} 15. Bxc5 {[%clk 00:16:16]} {[%emt
00:00:47]} Nfd7 {[%clk 00:18:55]} {[%emt 00:06:18]} 16. Bxb4 {[%clk 00:15:50]}
{[%emt 00:00:57]} Bxb2 {[%clk 00:12:30]} {[%emt 00:06:54]} 17. Rb1 {[%clk
00:15:51]} {[%emt 00:00:29]} Qc2 {[%clk 00:09:45]} {[%emt 00:03:17]} 18. Qd3
{[%clk 00:11:59]} {[%emt 00:04:21]} Qxd3 {[%clk 00:08:40]} {[%emt 00:01:35]} 19.
Nxd3 {[%clk 00:12:27]} {[%emt 00:00:02]} Bd4 {[%clk 00:08:35]} {[%emt
00:00:36]} 20. Bxf8 {[%clk 00:12:42]} {[%emt 00:00:14]} Bc3+ {[%clk 00:08:45]}
{[%emt 00:00:20]} 21. Kf2 {[%clk 00:11:07]} {[%emt 00:02:04]} Bd4+ {[%clk
00:09:08]} {[%emt 00:00:07]} 22. Kg3 {[%clk 00:11:13]} {[%emt 00:00:24]} Nxf8
{[%clk 00:08:51]} {[%emt 00:00:47]} 23. Nb4 {[%clk 00:10:58]} {[%emt 00:00:45]}
Ne6 {[%clk 00:08:20]} {[%emt 00:01:01]} 24. Nd5 {[%clk 00:11:12]} {[%emt
00:00:17]} Nd7 {[%clk 00:07:48]} {[%emt 00:01:02]} 25. f4 {[%clk 00:10:10]}
{[%emt 00:01:32]} g5 {[%clk 00:05:05]} {[%emt 00:03:13]} 26. f5 {[%clk
00:08:10]} {[%emt 00:02:30]} Nec5 {[%clk 00:04:25]} {[%emt 00:01:09]} 27. Bf3
{[%clk 00:07:09]} {[%emt 00:01:31]} Ne5 {[%clk 00:01:48]} {[%emt 00:03:08]} 28.
Rhd1 {[%clk 00:07:38]} Ned3 {[%clk 00:01:19]} {[%emt 00:00:59]} 29. Be2 {[%clk
00:06:10]} {[%emt 00:01:58]} Be5+ {[%clk 00:01:28]} {[%emt 00:00:21]} 30. Kf3
{[%clk 00:06:22]} {[%emt 00:00:17]} Nf4 {[%clk 00:01:18]} {[%emt 00:00:42]} 31.
Nb6 {[%clk 00:03:46]} {[%emt 00:03:05]} g4+ {[%clk 00:00:57]} {[%emt 00:00:51]}
32. Ke3 {[%clk 00:03:42]} {[%emt 00:00:33]} Rb8 {[%clk 00:00:51]} {[%emt
00:00:37]} 33. Rd8+ {[%clk 00:03:11]} {[%emt 00:01:00]} Kg7 {[%clk 00:01:20]}
{[%emt 00:00:02]} 34. Rxc8 {[%clk 00:02:50]} {[%emt 00:00:51]} Rb7 {[%clk
00:01:49]} {[%emt 00:00:01]} 35. Rxc5 {[%clk 00:02:30]} {[%emt 00:00:50]} Nxg2+
{[%clk 00:02:03]} {[%emt 00:00:15]} 36. Kd3 {[%clk 00:01:36]} {[%emt 00:01:23]}
Nf4+ {[%clk 00:02:10]} {[%emt 00:00:24]} 37. Kd2 {[%clk 00:01:41]} {[%emt
00:00:24]} Bd4 {[%clk 00:02:27]} {[%emt 00:00:14]} 38. Rc6 {[%clk 00:01:45]}
{[%emt 00:00:26]} h5 {[%clk 00:02:40]} {[%emt 00:00:18]} 39. Rb3 {[%clk
00:01:46]} {[%emt 00:00:29]} Re7 {[%clk 00:02:32]} {[%emt 00:00:37]} 40. Bd3
{[%clk 00:00:41]} {[%emt 00:01:35]} f6 {[%clk 00:02:29]} {[%emt 00:00:33]} 41.
Nd5 {[%clk 00:00:46]} {[%emt 00:00:25]} Nxd5 {[%clk 00:02:47]} {[%emt
00:00:12]} 42. cxd5 {[%clk 00:01:14]} {[%emt 00:00:02]} Be5 {[%clk 00:02:56]}
{[%emt 00:00:21]} 43. Bxa6 {[%clk 00:01:22]} {[%emt 00:00:22]} Bxh2 {[%clk
00:03:18]} {[%emt 00:00:08]} 44. d6 {[%clk 00:01:10]} {[%emt 00:00:43]} Rxe4
{[%clk 00:02:57]} {[%emt 00:00:51]} 45. d7 {[%clk 00:01:15]} {[%emt 00:00:24]}
Rd4+ {[%clk 00:03:07]} {[%emt 00:00:21]} 46. Rd3 {[%clk 00:01:24]} {[%emt
00:00:20]} Bf4+ {[%clk 00:03:04]} {[%emt 00:00:33]} 47. Kc3 {[%clk 00:01:06]}
{[%emt 00:00:48]} g3 {[%clk 00:02:23]} {[%emt 00:01:12]} 48. Rxd4 {[%clk
00:01:09]} {[%emt 00:00:26]} g2 {[%clk 00:02:33]} {[%emt 00:00:21]} 49. Rd1
{[%clk 00:01:32]} {[%emt 00:00:06]} 1-0

[Event "XXVII MISTRZOSTWA WOJEWÓDZTWA PODLASKIEGO JUNIORÓW DO LAT 18 - C18"]
[Site "Białystok, Poland"]
[Date "2025.05.31"]
[Round "6.3"]
[White "Krol, Jan"]
[Black "Etel, Szymon"]
[Result "1/2-1/2"]
[WhiteElo "2064"]
[BlackElo "1776"]

1. e4 {[%clk 00:30:59]} e6 {[%clk 00:30:38]} {[%emt 00:00:23]} 2. d4 {[%clk
00:31:10]} {[%emt 00:00:19]} d5 {[%clk 00:31:05]} {[%emt 00:00:03]} 3. e5
{[%clk 00:31:23]} {[%emt 00:00:16]} c5 {[%clk 00:31:32]} {[%emt 00:00:04]} 4.
c3 {[%clk 00:31:49]} {[%emt 00:00:04]} Nc6 {[%clk 00:32:00]} {[%emt 00:00:02]}
5. Nf3 {[%clk 00:32:15]} {[%emt 00:00:03]} Qb6 {[%clk 00:31:55]} {[%emt
00:00:35]} 6. a3 {[%clk 00:32:38]} {[%emt 00:00:08]} cxd4 {[%clk 00:31:55]}
{[%emt 00:00:30]} 7. cxd4 {[%clk 00:33:06]} {[%emt 00:00:02]} Nh6 {[%clk
00:32:08]} {[%emt 00:00:16]} 8. b4 {[%clk 00:27:59]} {[%emt 00:05:37]} Nf5
{[%clk 00:32:16]} {[%emt 00:00:23]} 9. Bb2 {[%clk 00:28:19]} {[%emt 00:00:10]}
Be7 {[%clk 00:32:34]} {[%emt 00:00:12]} 10. Bd3 {[%clk 00:28:21]} {[%emt
00:00:27]} Bd7 {[%clk 00:32:41]} {[%emt 00:00:24]} 11. Bxf5 {[%clk 00:27:53]}
{[%emt 00:00:57]} exf5 {[%clk 00:33:09]} {[%emt 00:00:02]} 12. Nc3 {[%clk
00:27:50]} {[%emt 00:00:34]} Be6 {[%clk 00:33:38]} 13. Rc1 {[%clk 00:27:25]}
{[%emt 00:00:54]} O-O {[%clk 00:33:15]} {[%emt 00:00:52]} 14. O-O {[%clk
00:26:47]} {[%emt 00:01:09]} Rac8 {[%clk 00:31:58]} {[%emt 00:01:47]} 15. Qd3
{[%clk 00:26:38]} {[%emt 00:00:39]} g5 {[%clk 00:31:14]} {[%emt 00:01:15]} 16.
Na4 {[%clk 00:26:29]} {[%emt 00:00:39]} Qd8 {[%clk 00:31:43]} 17. Nc5 {[%clk
00:26:39]} {[%emt 00:00:20]} b6 {[%clk 00:31:33]} {[%emt 00:00:41]} 18. Nb3
{[%clk 00:19:40]} {[%emt 00:07:28]} g4 {[%clk 00:30:52]} {[%emt 00:01:11]} 19.
Nfd2 {[%clk 00:20:03]} {[%emt 00:00:07]} Bg5 {[%clk 00:31:21]} {[%emt
00:00:02]} 20. f3 {[%clk 00:19:35]} {[%emt 00:00:57]} h5 {[%clk 00:31:29]}
{[%emt 00:00:21]} 21. f4 {[%clk 00:18:05]} {[%emt 00:02:01]} Bh6 {[%clk
00:31:58]} {[%emt 00:00:01]} 22. g3 {[%clk 00:17:32]} {[%emt 00:01:03]} Qd7
{[%clk 00:28:45]} {[%emt 00:03:43]} 23. h3 {[%clk 00:16:52]} {[%emt 00:01:10]}
Ne7 {[%clk 00:27:25]} {[%emt 00:01:50]} 24. hxg4 {[%clk 00:16:43]} {[%emt
00:00:39]} fxg4 {[%clk 00:27:43]} {[%emt 00:00:12]} 25. Kg2 {[%clk 00:14:27]}
{[%emt 00:02:46]} Bf5 {[%clk 00:27:40]} {[%emt 00:00:33]} 26. Qa6 {[%clk
00:13:35]} {[%emt 00:01:23]} Bg6 {[%clk 00:26:32]} {[%emt 00:01:36]} 27. Rxc8
{[%clk 00:09:00]} {[%emt 00:05:05]} Rxc8 {[%clk 00:27:01]} {[%emt 00:00:01]} 28.
Rc1 {[%clk 00:09:24]} {[%emt 00:00:07]} Rxc1 {[%clk 00:26:57]} {[%emt
00:00:34]} 29. Nxc1 {[%clk 00:09:52]} {[%emt 00:00:01]} Nf5 {[%clk 00:27:14]}
{[%emt 00:00:13]} 30. Nf1 {[%clk 00:08:35]} {[%emt 00:01:48]} h4 {[%clk
00:22:14]} {[%emt 00:05:30]} 31. Qe2 {[%clk 00:07:58]} {[%emt 00:01:07]} Nxg3
{[%clk 00:22:05]} {[%emt 00:00:40]} 32. Nxg3 {[%clk 00:08:11]} {[%emt
00:00:15]} Bxf4 {[%clk 00:17:16]} {[%emt 00:05:19]} 33. e6 {[%clk 00:07:15]}
{[%emt 00:01:27]} Qxe6 {[%clk 00:11:44]} {[%emt 00:06:02]} 34. Qxe6 {[%clk
00:07:09]} {[%emt 00:00:35]} fxe6 {[%clk 00:12:13]} 35. Nce2 {[%clk 00:07:19]}
{[%emt 00:00:21]} Bxg3 {[%clk 00:09:25]} {[%emt 00:03:17]} 36. Nxg3 {[%clk
00:07:44]} {[%emt 00:00:06]} hxg3 {[%clk 00:09:49]} {[%emt 00:00:06]} 37. Kxg3
{[%clk 00:08:10]} {[%emt 00:00:04]} Bf5 {[%clk 00:10:13]} {[%emt 00:00:06]} 38.
Bc1 {[%clk 00:08:19]} {[%emt 00:00:21]} Kf7 {[%clk 00:09:12]} {[%emt 00:01:30]}
39. Bf4 {[%clk 00:08:35]} {[%emt 00:00:15]} a5 {[%clk 00:04:51]} {[%emt
00:04:51]} 1/2-1/2

[Event "XXVII MISTRZOSTWA WOJEWÓDZTWA PODLASKIEGO JUNIORÓW DO LAT 18 - C18"]
[Site "Białystok, Poland"]
[Date "2025.05.31"]
[Round "6.4"]
[White "Chelstowski, Bartosz"]
[Black "Bartnik, Michal"]
[Result "1/2-1/2"]
[WhiteElo "1643"]
[BlackElo "1986"]

1. e4 {[%clk 00:30:58]} {[%emt 00:00:01]} c5 {[%clk 00:29:25]} {[%emt
00:01:35]} 2. Nc3 {[%clk 00:31:23]} {[%emt 00:00:05]} Nc6 {[%clk 00:29:50]}
{[%emt 00:00:06]} 3. Nge2 {[%clk 00:31:39]} {[%emt 00:00:13]} d6 {[%clk
00:30:14]} {[%emt 00:00:07]} 4. g3 {[%clk 00:32:06]} {[%emt 00:00:03]} g6
{[%clk 00:30:39]} {[%emt 00:00:05]} 5. Bg2 {[%clk 00:32:27]} {[%emt 00:00:08]}
e5 {[%clk 00:31:04]} {[%emt 00:00:05]} 6. O-O {[%clk 00:32:36]} {[%emt
00:00:20]} Bg7 {[%clk 00:31:30]} {[%emt 00:00:05]} 7. h3 {[%clk 00:32:54]}
{[%emt 00:00:12]} Nge7 {[%clk 00:31:50]} {[%emt 00:00:10]} 8. d3 {[%clk
00:32:50]} {[%emt 00:00:35]} O-O {[%clk 00:32:03]} {[%emt 00:00:17]} 9. f4
{[%clk 00:33:05]} {[%emt 00:00:14]} Be6 {[%clk 00:31:30]} {[%emt 00:01:03]} 10.
g4 {[%clk 00:32:13]} {[%emt 00:01:23]} f5 {[%clk 00:31:40]} {[%emt 00:00:19]}
11. gxf5 {[%clk 00:31:12]} {[%emt 00:01:33]} gxf5 {[%clk 00:32:00]} {[%emt
00:00:09]} 12. fxe5 {[%clk 00:31:18]} {[%emt 00:00:24]} dxe5 {[%clk 00:30:33]}
{[%emt 00:01:57]} 13. exf5 {[%clk 00:30:08]} {[%emt 00:01:39]} Nxf5 {[%clk
00:30:44]} {[%emt 00:00:18]} 14. Ne4 {[%clk 00:28:13]} {[%emt 00:02:26]} Ncd4
{[%clk 00:29:00]} {[%emt 00:02:15]} 15. Nxd4 {[%clk 00:26:03]} {[%emt
00:02:39]} Qxd4+ {[%clk 00:29:14]} {[%emt 00:00:16]} 16. Kh2 {[%clk 00:26:20]}
{[%emt 00:00:13]} Nh4 {[%clk 00:22:27]} {[%emt 00:07:17]} 17. c3 {[%clk
00:24:40]} {[%emt 00:02:10]} Qd7 {[%clk 00:19:45]} {[%emt 00:03:08]} 18. Nxc5
{[%clk 00:23:29]} {[%emt 00:01:46]} Qe7 {[%clk 00:19:33]} {[%emt 00:00:39]} 19.
Nxe6 {[%clk 00:20:31]} {[%emt 00:03:30]} Qxe6 {[%clk 00:20:01]} {[%emt
00:00:03]} 20. Qb3 {[%clk 00:18:39]} {[%emt 00:02:22]} Qxb3 {[%clk 00:19:30]}
{[%emt 00:01:01]} 21. axb3 {[%clk 00:19:04]} {[%emt 00:00:05]} Rxf1 {[%clk
00:18:24]} 22. Bxf1 {[%clk 00:19:04]} Rf8 {[%clk 00:17:52]} {[%emt 00:02:44]}
23. Be3 {[%emt 00:07:29]} Rf3 {[%clk 00:12:18]} 24. Bg5 {[%clk 00:14:19]}
{[%emt 00:04:44]} Ng6 {[%emt 00:03:05]} 25. Bg2 {[%clk 00:12:35]} Rf2 {[%clk
00:11:06]} {[%emt 00:01:19]} 26. Kg3 {[%clk 00:10:05]} {[%emt 00:03:00]} Rxb2
{[%clk 00:11:32]} {[%emt 00:00:04]} 27. Rxa7 {[%clk 00:10:27]} {[%emt
00:00:09]} h6 {[%clk 00:11:49]} {[%emt 00:00:13]} 28. Bd5+ {[%clk 00:09:52]}
{[%emt 00:01:05]} Kh7 {[%clk 00:12:09]} {[%emt 00:00:10]} 29. Be3 {[%clk
00:09:47]} {[%emt 00:00:34]} Re2 {[%clk 00:12:09]} {[%emt 00:00:29]} 30. Bc5
{[%clk 00:08:33]} {[%emt 00:01:45]} h5 {[%clk 00:11:27]} {[%emt 00:01:12]} 31.
Be4 {[%clk 00:08:27]} {[%emt 00:00:37]} Kh6 {[%clk 00:08:56]} {[%emt 00:03:00]}
32. Bxg6 {[%clk 00:08:06]} {[%emt 00:00:50]} Kxg6 {[%clk 00:09:20]} {[%emt
00:00:07]} 33. Rxb7 {[%clk 00:08:27]} {[%emt 00:00:09]} Rc2 {[%clk 00:09:24]}
{[%emt 00:00:25]} 34. Bb4 {[%clk 00:07:44]} {[%emt 00:01:14]} Rd2 {[%clk
00:09:38]} {[%emt 00:00:16]} 35. Rd7 {[%clk 00:04:30]} {[%emt 00:03:44]} Rb2
{[%clk 00:09:57]} {[%emt 00:00:11]} 36. Kf3 {[%clk 00:02:30]} {[%emt 00:02:31]}
Rxb3 {[%clk 00:10:21]} {[%emt 00:00:06]} 37. Rc7 {[%clk 00:02:17]} {[%emt
00:00:42]} Rb1 {[%clk 00:10:17]} {[%emt 00:00:34]} 38. Be7 {[%clk 00:02:38]}
{[%emt 00:00:10]} Kf5 {[%clk 00:10:00]} {[%emt 00:00:46]} 39. c4 {[%clk
00:02:18]} {[%emt 00:00:51]} Rb3 {[%clk 00:08:06]} {[%emt 00:02:22]} 40. Ke2
{[%clk 00:01:48]} {[%emt 00:01:01]} Rb2+ {[%clk 00:07:39]} {[%emt 00:00:58]} 41.
Kd1 {[%clk 00:01:49]} {[%emt 00:00:28]} Bh6 {[%clk 00:07:52]} {[%emt 00:00:17]}
42. Rc6 {[%clk 00:01:02]} {[%emt 00:01:18]} Bg7 {[%clk 00:06:46]} {[%emt
00:01:36]} 43. c5 {[%clk 00:01:12]} {[%emt 00:00:20]} Rh2 {[%clk 00:02:51]}
{[%emt 00:04:22]} 44. h4 {[%clk 00:01:39]} {[%emt 00:00:06]} e4 {[%clk
00:02:04]} {[%emt 00:01:16]} 45. dxe4+ {[%clk 00:01:32]} {[%emt 00:00:38]} Kxe4
{[%clk 00:02:32]} {[%emt 00:00:02]} 46. Rd6 {[%clk 00:01:31]} {[%emt 00:00:30]}
Bd4 {[%clk 00:01:40]} {[%emt 00:01:21]} 47. Re6+ {[%clk 00:00:35]} {[%emt
00:01:27]} Kd5 {[%clk 00:01:49]} {[%emt 00:00:20]} 48. Rh6 {[%clk 00:00:46]}
{[%emt 00:00:21]} Rf2 {[%clk 00:00:33]} {[%emt 00:01:45]} 49. Ke1 {[%clk
00:00:40]} {[%emt 00:00:37]} Rf5 {[%clk 00:00:50]} {[%emt 00:00:09]} 50. Bg5
{[%clk 00:00:43]} {[%emt 00:00:32]} Bxc5 {[%clk 00:01:09]} {[%emt 00:00:10]} 51.
Rxh5 {[%clk 00:01:08]} {[%emt 00:00:04]} Be7 {[%clk 00:01:02]} {[%emt
00:00:34]} 52. Ke2 {[%clk 00:01:08]} {[%emt 00:00:33]} Bxg5 {[%clk 00:01:21]}
{[%emt 00:00:11]} 53. hxg5 {[%clk 00:01:03]} {[%emt 00:00:36]} Ke4 {[%clk
00:01:30]} {[%emt 00:00:18]} 54. Rh4+ {[%clk 00:01:06]} {[%emt 00:00:30]} Ke5
{[%clk 00:01:55]} {[%emt 00:00:04]} 55. Rg4 {[%clk 00:00:53]} {[%emt 00:00:43]}
Rf7 {[%clk 00:02:10]} {[%emt 00:00:12]} 56. Ke3 {[%clk 00:00:56]} {[%emt
00:00:31]} Rg7 {[%clk 00:02:33]} {[%emt 00:00:06]} 57. Ra4 {[%clk 00:00:37]}
{[%emt 00:00:50]} Rxg5 {[%clk 00:02:56]} {[%emt 00:00:05]} 58. Ra5+ {[%clk
00:01:03]} {[%emt 00:00:05]} Kf6 {[%clk 00:03:22]} {[%emt 00:00:04]} 59. Rxg5
{[%clk 00:01:27]} {[%emt 00:00:07]} Kxg5 {[%clk 00:03:49]} {[%emt 00:00:03]} 60.
Ke4 {[%emt 00:00:16]} 1/2-1/2